000 00653nam a2200217 4500
010 _aA-232770
020 _a0550106154
035 _aA-232770
037 _bCen Lib / Ret
040 _aDPL
_bEN
082 _a483
_bCHA
245 _aChambers family dictionary /
_cedited by E. M. Kirkpatrick ; illustrations by David Brogan
260 _aEdinburgh
_bWR Chambers Ltd
_c1981
270 _aWR Chambers Ltd
_bEdinburgh
300 _axii, 980p
_b24cm(Hb)
650 _aEnglish language -- Dictionaries.
650 _aEnglish language.
700 _aKirkpatrick, E M.
700 _aBrogan, David
942 _2ddc
_cEN
_h483
_mCHA
999 _c136578
_d136578